000 00954nam a2200253 i 4500
001 59766
003 ES-MaACL
005 20250812115453.0
007 t|
008 031030s1986 sp ||||1| spa d
020 _a84-86314-33-X
100 1 _aEquiza Escudero, Pilar.
_947343
245 1 0 _aJuan Beneyto
_b: periodismo y universidad /
_cPilar Equiza Escudero ; [prólogo de J.L. Castillo-Puche ; introducción de Angel Benito].
260 _aAlicante :
_bCaja de Ahorros Provincial de Alicante,
_c1986.
300 _a217 p. :
_bil. ;
_c22 cm.
490 1 _aPublicaciones de la Caja de Ahorros Provincial de Alicante ;
_v134
500 _aIndice.
504 _aBibliografía.
700 1 _aCastillo-Puche, José Luis,
_d1919-2004
_936763
700 1 _aBenito, Ángel.
_927655
830 0 0 _aPublicaciones de la Caja de Ahorros Provincial de Alicante
_v134
_9186986
852 _aES-MaACL
_jL-12520
_bR.112946
999 _c59766
_d59766